Geography Quiz

Random Geography or Color Quiz

Purplexing Flags Quiz Stats

Quiz Updated Jun 16, 2017

Also try: Pick Purple
Challenge
Share
Tweet
Score 0/25 Timer 04:00
0 Plays Today
% Correct
United States of America
98.7%
Canada
97.1%
United Kingdom
96.9%
Israel
93.6%
South Korea
91.8%
Brazil
90.9%
New Zealand
87%
South Africa
82.8%
Greece
81.4%
Jamaica
78.7%
Turkey
77.8%
Spain
74.6%
Croatia
63.3%
% Correct
Iran
62.8%
Georgia
49.5%
Barbados
48.8%
Angola
41%
Bosnia & Herzegovina
40.2%
Fiji
39.3%
Tonga
30.3%
Grenada
28.9%
Dominica
28.7%
Burundi
28.4%
Tanzania
25.5%
Timor-Leste
19.8%

You're not logged in!

Compare scores with friends on all Sporcle quizzes.
Sign Up with Email
OR
Log In

You Might Also Like...

Show Comments

Extras

Top Quizzes Today


Score Distribution

Your Account Isn't Verified!

In order to create a playlist on Sporcle, you need to verify the email address you used during registration. Go to your Sporcle Settings to finish the process.